• 首页
  • 本馆介绍
  • 公告通知
  • 最新文献
  • 馆藏检索
  • 电子资源
  • 读者导购
  • 参考咨询
  • 我的图书馆
  • 登录
  • 详细信息显示
  • 放入我的书架
  • 预约/预借图书
  • 作者相关作品
  • 分类相关作品
  • 丛书相关作品
  • 出版社相关作品

书目信息

  • 表格格式
  • 工作单格式
  • 卡片格式
题名:
品类管理实战
    
 
作者: 程莉 , 郑越 著
分册:  
出版信息: 北京   电子工业出版社  2020.08
页数: X, 291页
开本: 24cm
丛书名:
单 册:
中图分类: F713.32
科图分类:
主题词: 零售业--ling shou ye--商业管理
电子资源:
ISBN: 978-7-121-39234-4
000 01238nam0 2200277 450
001 CAL 010081890
005 20230301160632.86
010    @a978-7-121-39234-4@dCNY79.00
100    @a20200917d2020 em y0chiy0120 ea
101 0  @achi
102    @aCN@b110000
105    @aa a 000yy
106    @ar
200 1  @a品类管理实战@Apin lei guan li shi zhan@d= Category management practice@f程莉, 郑越著@zeng
205    @a第4版
210    @a北京@c电子工业出版社@d2020.08
215    @aX, 291页@c图@d24cm
320    @a有书目
330    @a本书由18章和3个附录组成。第1-3章概要介绍了品类管理的基本内容。第4-15章从品类管理操作流程的角度详尽介绍了如何实施品类管理。第16-17章介绍了对作为品类管理基石的购物者的研究和品类管理工具。第18章增加了新零售品类管理的内容, 重点分析了盒马鲜生的新零售实践, 在新零售环境下对组织“人”的概念进行了强化, 未来“人”是新零售成功的关键点。附录部分还收集了快消品和医药零售行业的主要供应商所实施的品类管理实例, 以及品类管理常用术语。
510 1  @aCategory management practice@zeng
606 0  @a零售业@Aling shou ye@x商业管理
690    @aF713.32@v5
701  0 @a程莉@Acheng li@c(女)@4著
701  0 @a郑越@Azheng yue@c(女,经营)@4著
801  0 @aCN@bBJXHZP@c20230228
905    @b1397954-7@dF713.32@e1264=4@f4
    
    品类管理实战= Category management practice/程莉, 郑越著.-第4版.-北京:电子工业出版社,2020.08
    X, 291页:图;24cm
    
    
    ISBN 978-7-121-39234-4:CNY79.00
    本书由18章和3个附录组成。第1-3章概要介绍了品类管理的基本内容。第4-15章从品类管理操作流程的角度详尽介绍了如何实施品类管理。第16-17章介绍了对作为品类管理基石的购物者的研究和品类管理工具。第18章增加了新零售品类管理的内容, 重点分析了盒马鲜生的新零售实践, 在新零售环境下对组织“人”的概念进行了强化, 未来“人”是新零售成功的关键点。附录部分还收集了快消品和医药零售行业的主要供应商所实施的品类管理实例, 以及品类管理常用术语。
●
相关链接 在E读中查询图书 在五车中查询图书 在当当中查询图书 在豆瓣中查询图书


正题名:品类管理实战     索取号:F713.32/1264=4         预约/预借

序号 登录号 条形码 馆藏地/架位号 状态 备注
1 1397954   213979541   第一样本阅览室/ [索取号:F713.32/1264=4] 在馆    
2 1397955   213979550   第一借阅区/ [索取号:F713.32/1264=4] 在馆    
3 1397956   213979569   第一借阅区/ [索取号:F713.32/1264=4] 在馆    
4 1397957   213979578   第一借阅区/ [索取号:F713.32/1264=4] 在馆    
唐山师范学院图书馆 欢迎您!
大连网信软件有限公司© 版权所有